Shelton Benjamin's WrestleMania Opponents - Statistics

General Stats
  • This quiz has been taken 4 times
  • The average score is 38 of 42
Answer Stats
WrestleMania Opponent % Correct
WrestleMania XX Bradshaw
100%
WrestleMania XXIV* Carlito
100%
WrestleMania XIX Chris Benoit
100%
WrestleMania 21* Chris Benoit
100%
WrestleMania 21* Chris Jericho
100%
WrestleMania XXIV* Chris Jericho
100%
WrestleMania 21* Christian
100%
WrestleMania 25* Christian
100%
WrestleMania XXVI* Christian
100%
WrestleMania XXIV* CM Punk
100%
WrestleMania 25* CM Punk
100%
WrestleMania XXVI* Dolph Ziggler
100%
WrestleMania XXVI* Drew McIntyre
100%
WrestleMania 21* Edge
100%
WrestleMania XX Faarooq
100%
WrestleMania XXVI* Jack Swagger
100%
WrestleMania XXIV* John Morrison
100%
WrestleMania 21* Kane
100%
WrestleMania 25* Kane
100%
WrestleMania XXVI* Kane
100%
WrestleMania 25* Kofi Kingston
100%
WrestleMania XXVI* Kofi Kingston
100%
WrestleMania 25* Mark Henry
100%
WrestleMania 22* Matt Hardy
100%
WrestleMania XXVI* Matt Hardy
100%
WrestleMania XXIV* Mr. Kennedy
100%
WrestleMania XXIV* MVP
100%
WrestleMania 25* MVP
100%
WrestleMania XXVI* MVP
100%
WrestleMania 22* Rob Van Dam
100%
WrestleMania 22* Bobby Lashley
75%
WrestleMania XIX Chavo Guerrero
75%
WrestleMania XIX Eddie Guerrero
75%
WrestleMania XXVI* Evan Bourne
75%
WrestleMania 22* Finlay
75%
WrestleMania 25* Finlay
75%
WrestleMania XIX Rhyno
75%
WrestleMania 22* Ric Flair
75%
WrestleMania XX Scotty 2 Hotty
75%
WrestleMania XX Danny Basham
50%
WrestleMania XX Doug Basham
50%
WrestleMania XX Rikishi
50%
No matching quizzes found
Score Distribution
Percent of People with Each Score
Percentile by Number Answered
Your Score History
You have not taken this quiz